| 000 | 00407cam a22001337a 4500 | ||
|---|---|---|---|
| 008 | 180718b1962 xxu||||| |||| 00| 0 eng d | ||
| 082 | _aT25 C392/62 | ||
| 100 | _aChatterji, Satya Saran | ||
| 245 |
_aAn Introduction to management: its principles and techniques _cby Satya Saran Chatterji |
||
| 250 | _a2nd ed. | ||
| 260 |
_aCalcutta _bWorld Press _c1962 |
||
| 300 | _a325p. | ||
| 650 | _aIndustrial Management | ||
| 999 |
_c362196 _d362196 |
||